| 000 | 00448nam a22001457a 4500 | ||
|---|---|---|---|
| 999 |
_c1983 _d1983 |
||
| 008 | 200210b ||||| |||| 00| 0 eng d | ||
| 020 | _a0071166092 | ||
| 100 |
_91586 _aNaylor, David |
||
| 245 | 1 | 0 |
_aIntroduction to convective heat transfer analysis _cby David Naylor and Patrick H. Oosthuizen |
| 260 |
_aNew Delhi _bMcGraw-Hill _c1999 |
||
| 300 | _axvii,620p. | ||
| 650 | 0 | _aHeat Transmission | |
| 700 |
_91587 _aOosthuizen, Patrick H. |
||
| 942 | _cBK | ||